Filme - Statistiken

Allgemein
  • Dieses Quiz wurde 118 mal gespielt
  • Das Durchschnittsergebnis liegt bei 6 aus 10
Antwortstatistiken
Bildquiz Antwort % Korrekt
avatar
97%
superman
97%
star wars
78%
batman
70%
terminator
68%
ich einfach unverbesserlich
53%
avengers endgame
44%
300
38%
saw
16%
Ein Minecraft Film
11%
Keine übereinstimmenden Quizze gefunden
Verteilung der Resultate
Anzahl Personen mit jedem Resultat
Perzentil nach korrekt beantworteten Fragen
Ihre Resultats-Entwicklung
Sie haben dieses Quiz noch nicht gespielt